Tiere fusioniert KI Teil 5 - Statistiken

Allgemein
  • Dieses Quiz wurde 1.146 mal gespielt
  • Das Durchschnittsergebnis liegt bei 11 aus 20
Antwortstatistiken
Bildquiz Antwort % Korrekt
Frosch Giraffe
99%
Biene Eichhörnchen
91%
Elefant Schildkröte
90%
Gorilla Waschbär
89%
Igel Krokodil
88%
Katze Lama
83%
Nashorn Pinguin
82%
Flamingo Nilpferd
79%
Hai Meerschweinchen
74%
Zebra Ziege
70%
Gürteltier Ratte
64%
Kamel Otter
49%
Gepard Krabbe
42%
Dachs Gans
41%
Chamäleon Tintenfisch
33%
Esel Schnabeltier
24%
Stachelschwein Stinktier
21%
Affe Kuh
10%
Ameisenbär Panda
9%
Opossum Schwan
7%
Keine übereinstimmenden Quizze gefunden
Verteilung der Resultate
Anzahl Personen mit jedem Resultat
Perzentil nach korrekt beantworteten Fragen
Ihre Resultats-Entwicklung
Sie haben dieses Quiz noch nicht gespielt